Pathfinder NDA/NA (Record no. 11590)

MARC details
000 -LEADER
fixed length control field 00348nam a22001577a 4500
003 - CONTROL NUMBER IDENTIFIER
control field OSt
008 - FIXED-LENGTH DATA ELEMENTS--GENERAL INFORMATION
fixed length control field 221124b ||||| |||| 00| 0 eng d
020 ## - INTERNATIONAL STANDARD BOOK NUMBER
International Standard Book Number 9789325797963
082 ## - DEWEY DECIMAL CLASSIFICATION NUMBER
Classification number 353.6076 ARP
100 ## - MAIN ENTRY--PERSONAL NAME
Personal name ARIHANT
245 ## - TITLE STATEMENT
Title Pathfinder NDA/NA
260 ## - PUBLICATION, DISTRIBUTION, ETC. (IMPRINT)
Name of publisher, distributor, etc Arihant
Date of publication, distribution, etc 2023
300 ## - PHYSICAL DESCRIPTION
Extent 1086
650 ## - SUBJECT ADDED ENTRY--TOPICAL TERM
Topical term or geographic name as entry element Competative
942 ## - ADDED ENTRY ELEMENTS (KOHA)
Source of classification or shelving scheme Dewey Decimal Classification
Koha item type Text Books
942 ## - ADDED ENTRY ELEMENTS (KOHA)
-- 1
Holdings
Withdrawn status Lost status Source of classification or shelving scheme Damaged status Not for loan Collection code Home library Current library Date acquired Source of acquisition Currency Cost, normal purchase price Bill Number Total Checkouts Full call number Acc. no. / Barcode Date last seen Actual Cost, discounted price Bill Date Koha item type Date last borrowed
    Dewey Decimal Classification     GENERAL PIET C-LIBRARY PIET C-LIBRARY 08/11/2022 International Book Centre IN Rupees 815.00 IB/IN/774   353.6076 ARP 34205 24/11/2022 479.11 08/11/2022 Text Books  
    Dewey Decimal Classification     GENERAL PIET C-LIBRARY PIET C-LIBRARY 08/11/2022 International Book Centre IN Rupees 815.00 IB/IN/774 1 353.6076 ARP 34206 27/03/2023 479.11 08/11/2022 Text Books 26/11/2022

Design & Developed by: PIET Central Library
R70 Miles Stone Pattikalyana Samalkha Panipat 132102
mail ID :- [email protected], Phone No:- 0180-2569700 Ex.216